00339nam a2200109 a 450000100100000000500170001000800410002704000250006824500430009326000720013630000210020800003087820200930062550.0110602s1978 dr 000 0 spa d aDO-SdBNPbspacBNPHU00aObra literaria de José A. Santana /. aHigüey, República Dominicana :bGrupo Cultural Higüey,c1978. a158 p. ;c23 cm.